000 00636nam a2200217Ia 4500
003 GCL
008 140319s9999 xx 000 0 ara d
040 _aGCL /
_cGCL
082 0 4 _a819
_bا ف
100 1 _aامين الخولى
245 1 0 _aفن القول /
_cامين الخولى
700 1 _aصلاح فضل
300 _a282 ص
490 _aالاعمال المختارة
_v0
650 0 4 _aالاسلوب الادبى
650 0 4 _aاللغة العربية
650 0 4 _aالبلاغة العربية
650 0 4 _aالفصاحة
650 0 4 _aالبلاغة العربية - تاريخ ونقد
942 _2ddc
_cBK
999 _c51750
_d51750